[Event "San Pedro del Pinatar 4th"]
[Site "San Pedro del Pinatar"]
[Date "2013.01.12"]
[Round "3.9"]
[White "Fabre Massana, Miquel"]
[Black "Lopez Heras, Santiago"]
[Result "1-0"]
[WhiteElo "2110"]
[BlackElo "1955"]
[PlyCount "75"]
[EventDate "2013.01.11"]
[EventType "swiss"]
[EventRounds "7"]
[EventCountry "ESP"]
[SourceTitle "EXT 2024"]
[Source "ChessBase"]
[SourceDate "2023.10.10"]
[SourceVersion "1"]
[SourceVersionDate "2023.10.10"]
[SourceQuality "1"]

1. e4 e6 2. d4 c5 3. Nf3 cxd4 4. Nxd4 Nc6 5. Be2 Nf6 6. Nc3 Bb4 7. Qd3 d5 8. Nxc6 bxc6 9. exd5 exd5 10. 0-0 0-0 11. Bg5 Qd6 12. Bh4 Qf4 13. Bg3 Qh6 14. a3 Bxc3 15. Qxc3 Ne4 16. Qa5 Nxg3 17. hxg3 Be6 18. Rad1 f5 19. Qd2 f4 20. gxf4 Rxf4 21. g3 Raf8 22. Qe3 R8f6 23. Bd3 Qh5 24. Be2 Qh3 25. Rfe1 Rh6 26. Bf3 Qh2+ 27. Kf1 d4 28. Qxf4 Bh3+ 29. Ke2 Re6+ 30. Kd3 Qxf2 31. Rxe6 Bxe6 32. Be4 Bc4+ 33. Kxc4 Qe2+ 34. Rd3 Qxc2+ 35. Kxd4 Qxb2+ 36. Ke3 Qc1+ 37. Ke2 Qc2+ 38. Qd2 1-0